[Event "Barcelona Tres Peons op"]
[Site "Barcelona"]
[Date "1999.??.??"]
[Round "2"]
[White "Felipo Pages, Danilo"]
[Black "Torrents Pages, Ramon"]
[Result "0-1"]
[WhiteElo "1870"]
[BlackElo "2035"]
[PlyCount "152"]
[EventDate "1999.??.??"]
[EventType "swiss"]
[EventRounds "9"]
[EventCountry "ESP"]
[SourceTitle "EXT 2000"]
[Source "ChessBase"]
[SourceDate "1999.11.16"]
[SourceVersion "1"]
[SourceVersionDate "1999.11.16"]
[SourceQuality "1"]

1. c4 c5 2. Nc3 Nf6 3. Nf3 d6 4. g3 g6 5. Bg2 Bg7 6. d4 cxd4 7. Nxd4 0-0 8. 0-0 a6 9. Bd2 Qc7 10. b3 Nc6 11. Nxc6 bxc6 12. Qc1 Rb8 13. Bh6 c5 14. Bxg7 Kxg7 15. Qb2 Kg8 16. e4 e6 17. Rad1 Ne8 18. Rd2 Bb7 19. Nd1 f5 20. Re1 Qc6 21. f4 Qc7 22. Bh3 Qg7 23. Qxg7+ Kxg7 24. exf5 exf5 25. Rde2 Be4 26. Nc3 Nf6 27. Bg2 Rfe8 28. Bxe4 fxe4 29. Nxe4 Nxe4 30. Rxe4 Rxe4 31. Rxe4 Kf6 32. Kf2 a5 33. Kf3 a4 34. Re3 a3 35. h4 h5 36. g4 hxg4+ 37. Kxg4 Rd8 38. Rd3 Rd7 39. Rd5 Rd8 40. f5 gxf5+ 41. Rxf5+ Ke6 42. h5 Rg8+ 43. Rg5 Rf8 44. Kg3 Rf1 45. Rg6+ Ke7 46. Kh2 Rf2+ 47. Rg2 Rf5 48. Rg7+ Kf8 49. h6 Rh5+ 50. Kg3 Rxh6 51. Ra7 Rf6 52. Kg4 Ke8 53. Rxa3 Kd7 54. Ra7+ Kc6 55. a4 Kb6 56. Re7 Rf8 57. Re3 Kc6 58. Rf3 Rg8+ 59. Kf5 d5 60. cxd5+ Kxd5 61. Rd3+ Kc6 62. Ke4 Re8+ 63. Kf3 Ra8 64. Rc3 Kb6 65. Ke4 Rd8 66. Rd3 Re8+ 67. Kd5 Rh8 68. Re3 Rd8+ 69. Kc4 Rd4+ 70. Kc3 Rd6 71. Re8 Kc6 72. Rb8 Rd4 73. a5 Rd1 74. Kb2 Kc7 75. Rb6 Rd8 76. Kc3 Rd4 0-1

[Event "Barcelona op-B"]
[Site "Barcelona"]
[Date "1998.??.??"]
[Round "5"]
[White "Torrents Pages, Ramon"]
[Black "Law, Peter"]
[Result "0-1"]
[WhiteElo "2050"]
[BlackElo "1970"]
[PlyCount "120"]
[EventDate "1998.??.??"]
[EventType "swiss"]
[EventRounds "8"]
[EventCountry "ESP"]
[SourceTitle "EXT 2019"]
[Source "ChessBase"]
[SourceDate "2018.10.10"]
[SourceVersion "1"]
[SourceVersionDate "2018.10.10"]
[SourceQuality "1"]

1. e4 c5 2. Nf3 d6 3. d4 cxd4 4. Nxd4 Nf6 5. Nc3 a6 6. Be2 e5 7. Nb3 Be7 8. 0-0 0-0 9. a4 Be6 10. Be3 Qc7 11. a5 Nbd7 12. g4 h6 13. h4 Qc6 14. Bf3 Nh7 15. g5 hxg5 16. Nd5 Bxd5 17. exd5 Qc4 18. Nd2 Qxh4 19. Kg2 g4 20. Bxg4 f5 21. Bh5 f4 22. Bb6 f3+ 23. Bxf3 Qg5+ 24. Bg4 Ndf6 25. f3 Nxd5 26. Ne4 Nf4+ 27. Kg1 Qg6 28. Be3 Nf6 29. Nxf6+ Rxf6 30. Kf2 Ne6 31. Rg1 Qf7 32. Qd5 Rc8 33. c3 Rc6 34. Rh1 Nf4 35. Qe4 Rg6 36. Bxf4 exf4 37. Bf5 Rf6 38. Bd7 d5 39. Qh7+ Kf8 40. Qh8+ Qg8 41. Rae1 Bc5+ 42. Kf1 Be3 43. Bxc6 Rxc6 44. Rh5 Qxh8 45. Rxh8+ Kf7 46. Rb8 Rc7 47. Rd1 Rd7 48. Ke2 Ke6 49. Re8+ Kf7 50. Re5 d4 51. cxd4 Rc7 52. Rc5 Rd7 53. Rc4 Kf6 54. d5 g5 55. d6 Ke5 56. Rc7 Rxd6 57. Rxd6 Kxd6 58. Rxb7 Kc6 59. Rg7 Bd4 60. b3 Bxg7 0-1